| 000 | 00502nam a2200169 i 4500 | ||
|---|---|---|---|
| 001 | 23726 | ||
| 003 | ES-MaACL | ||
| 005 | 20230906152926.0 | ||
| 007 | t| | ||
| 008 | 021212s1872 sp ||||1| spa d | ||
| 100 | 1 |
_aAmengual, Juan José. _921200 |
|
| 245 | 1 | 0 |
_aGramática de la lengua mallorquina / _cpor Juan José Amengual. |
| 260 |
_aPalma : _bP.J. Gelabert, _c1872. |
||
| 300 |
_aXI, 256 p. ; _c19 cm. |
||
| 650 | 4 |
_aLengua catalana- _zMallorca- _xGramática. _9160070 |
|
| 852 |
_aES-MaACL _jB-3062 |
||
| 999 |
_c23726 _d23726 |
||